<?xml version="1.0" encoding="UTF-8"?>
<marc:record xmlns:marc="http://www.loc.gov/MARC21/slim">
   <marc:leader>00000nam a2200000 a 4500</marc:leader>
   <marc:datafield ind1="1" ind2=" " tag="100">
      <marc:subfield code="a">Henn, Carsten Sebastian</marc:subfield>
      <marc:subfield code="4">aut</marc:subfield>
      <marc:subfield code="e">Verfasser/-in</marc:subfield>
   </marc:datafield>
   <marc:datafield ind1="0" ind2="0" tag="245">
      <marc:subfield code="a">Die letzte Praline</marc:subfield>
   </marc:datafield>
   <marc:datafield ind1="0" ind2="0" tag="245">
      <marc:subfield code="b">ein kulinarischer Kriminalroman</marc:subfield>
   </marc:datafield>
   <marc:datafield ind1="0" ind2="0" tag="245">
      <marc:subfield code="c">Carsten Sebastian Henn</marc:subfield>
   </marc:datafield>
   <marc:datafield ind1=" " ind2="1" tag="264">
      <marc:subfield code="a">München [u.a.]</marc:subfield>
      <marc:subfield code="b">Pendo</marc:subfield>
      <marc:subfield code="c">2013</marc:subfield>
   </marc:datafield>
   <marc:datafield ind1="1" ind2=" " tag="520">
      <marc:subfield code="a">Angaben aus der Verlagsmeldung

Die letzte Praline : Ein kulinarischer Krimi / von Carsten Sebastian Henn

Die Hauptstadt der Schokolade hält den Atem an! Als während der Weltmeisterschaft der Chocolatiers im belgischen Brügge eine von Kopf bis Fuß in Schokolade gehüllte Frauenleiche gefunden wird, ist ein weiteres Mal das ermittlerische Gespür von Professor Adalbert Bietigheim gefragt.
Brügge, die Stadt, in der selbst das mittelalterliche Mauerwerk nach Kakao zu duften scheint, lädt unter dem Motto »Köstlicher Wein und göttliche Schokolade« zur Weltmeisterschaft der Chocolatiers. Doch noch bevor die erste Ganache angerührt wird, macht der belgische Teilnehmer eine grausige Entdeckung: Eine junge Frau wurde ermordet, ihr lebloser Körper vom Scheitel bis zur Fußsohle mit Schokolade überzogen. Kulinaristik-Professor Adalbert Bietigheim, der als Juryvorsitzender des Wettbewerbs nach Brügge gereist ist, stellt Nachforschungen an und findet schon bald heraus, dass einer der Chocolatiers der Mörder sein muss. Wird Bietigheim ihn rechtzeitig ausfindig machen können, bevor er selbst als überlebensgroßes Praliné endet?
</marc:subfield>
   </marc:datafield>
   <marc:datafield ind1=" " ind2=" " tag="020">
      <marc:subfield code="a">9783866123359</marc:subfield>
      <marc:subfield code="9">9783866123359</marc:subfield>
   </marc:datafield>
   <marc:datafield ind1=" " ind2=" " tag="020">
      <marc:subfield code="a">3866123353</marc:subfield>
      <marc:subfield code="9">3866123353</marc:subfield>
   </marc:datafield>
   <marc:datafield ind1=" " ind2=" " tag="300">
      <marc:subfield code="a">358 S.</marc:subfield>
   </marc:datafield>
</marc:record>
